000 00929cam a22002651i 4500
003 SA-RiAUC
005 20251109081220.0
008 251007s1980 le g 000 0 ara c
040 _aSA-JeALM
_bara
_cSA-RiAUC.
_erda
082 0 4 _a230.9
_qSA-RiAUC
090 _a230.9
_bخ ط ي
100 1 _aالخطيب، محمد عجاج،
_d1932-
_eمؤلف.
245 1 2 _aالسنة قبل التدوين /
_cمحمد عجاج الخطيب.
250 _aالطبعة الثالثة.
264 1 _aبيروت :
_bدار الفكر،
_c1980
300 _a652 صفحة ؛
_c24 سم
336 _aنص
_btxt
_2rdacontent
_3كتاب
337 _aبدون وسيط
_bn
_2rdamedia
338 _aمجلد
_bnc
_2rdacarrier
650 7 _aالسنة
_xتاريخ
_2aucsh
650 7 _aالحديث
_xتاريخ
_2aucsh
650 7 _aالحديث
_xجمع وتدوين
_2aucsh
942 _2ddc
_cBOOK
_n0
949 _aSA-JeALM
_d251007
_uosman123
_n1
999 _c13082
_d13082